Egy év Ottawában beszélgetés dr. Széll Tamással kanadai tanulmányútjáról /

Elmentve itt :
Bibliográfiai részletek
Szerző: Bálint Gyula
Dokumentumtípus: Cikk
Megjelent: 1964
Sorozat:Szegedi Egyetem 2 No. 12
Kulcsszavak:Tanulmányút - magyar - Kanada, Széll Tamás
Online Access:http://univ.bibl.u-szeged.hu/260
LEADER 00687nab a2200193 i 4500
001 univ260
005 20250127141217.0
008 171114s1964 hu o 000 hun d
022 |a 0230-791X 
040 |a SZTE UnivHistória Repozitórium  |b hun 
041 |a hun 
100 1 |a Bálint Gyula 
245 1 0 |a Egy év Ottawában   |h [elektronikus dokumentum] :  |b beszélgetés dr. Széll Tamással kanadai tanulmányútjáról /  |c  Bálint Gyula 
260 |c 1964 
300 |a 3 
490 0 |a Szegedi Egyetem  |v 2 No. 12 
561 |a Egyetemi, hallgatói élet 
695 |a Tanulmányút - magyar - Kanada, Széll Tamás 
856 4 0 |u http://univ.bibl.u-szeged.hu/260/1/sze_1964_012_003.pdf  |z Dokumentum-elérés